[Event "3. Memorial Oliver Gonzalez 2012 - B"]
[Site "Madrid ESP"]
[Date "2012.09.02"]
[Round "2.17"]
[White "Alvarez Gonzalez, Eduardo"]
[Black "Rosa Ramirez, Victor D"]
[Result "1-0"]
[WhiteElo "1771"]
[BlackElo "1951"]
[PlyCount "136"]
[EventDate "2012.09.01"]
[EventType "swiss"]
[EventRounds "9"]
[EventCountry "ESP"]
[Source "lmi"]
[SourceDate "2012.09.01"]

1. d4 d5 2. c4 e6 3. Nc3 c6 4. e3 Nf6 5. Nf3 Nbd7 6. Bd3 dxc4 7. Bxc4 b5 8. Be2
Bb7 9. O-O a6 10. a3 Be7 11. b3 O-O 12. Bb2 Nd5 13. Ne4 f5 14. Nc3 N7f6 15.
Nxd5 Nxd5 16. Ne5 Bd6 17. Bf3 Bxe5 18. dxe5 Qg5 19. Bxd5 cxd5 20. f4 Qe7 21.
Qd4 Rac8 22. Rac1 h6 23. Rxc8 Rxc8 24. Rc1 Rxc1+ 25. Bxc1 Qc7 26. Qd2 Qc6 27.
Bb2 Ba8 28. Qc3 Qb7 29. Qd4 Kh7 30. Qd2 d4 31. Bxd4 Qe4 32. Bb2 Bd5 33. b4 h5
34. h4 Qb1+ 35. Kh2 Qf1 36. Kg3 Qh1 37. Bd4 Qf1 38. Qf2 Qd1 39. Kh2 Qc1 40. Bb2
Qb1 41. Kg3 Qd1 42. Kh2 Qa4 43. Qe2 g6 44. Qd2 Qb3 45. Qf2 Qd3 46. Kh3 Qb1 47.
Kh2 Kg7 48. Qd2 Qf1 49. Bd4 Kf7 50. Bb2 Ke7 51. Bd4 Qb1 52. Bb2 Qa2 53. Qd4 Qb3
54. Qd2 Qc4 55. Kg3 Qf1 56. Bd4 Kf7 57. Kh2 Kg7 58. Bb2 Be4 59. Qd7+ Kh6 60.
Qd2 Bd3 61. Kg3 Be2 62. Qc1 Bd1 63. Qd2 Bg4 64. Bc3 Qc4 65. Bd4 Qb3 66. Bb2 Bd1
67. Qc3 Qd5 68. Qc8 Bb3 1-0

[Event "3. Memorial Oliver Gonzalez 2012 - B"]
[Site "Madrid ESP"]
[Date "2012.09.02"]
[Round "2.18"]
[White "Mañas Molina, Angel"]
[Black "Yeves Miquel, Enrique"]
[Result "1-0"]
[WhiteElo "1939"]
[BlackElo "1754"]
[PlyCount "57"]
[EventDate "2012.09.01"]
[EventType "swiss"]
[EventRounds "9"]
[EventCountry "ESP"]
[Source "lmi"]
[SourceDate "2012.09.01"]

1. e4 c5 2. Nc3 a6 3. g3 b5 4. Bg2 Bb7 5. d3 e6 6. f4 d5 7. e5 h5 8. Nf3 Be7 9.
h3 Nh6 10. O-O Nf5 11. Ne2 Qb6 12. c3 d4 13. cxd4 cxd4 14. b3 Nc6 15. Bd2 Nb4
16. Ne1 Bxg2 17. Kxg2 Nd5 18. Nc2 Rc8 19. Kh2 Nc3 20. Bxc3 dxc3 21. d4 b4 22.
Qd3 O-O 23. g4 hxg4 24. hxg4 Nh6 25. Kg3 f5 26. exf6 Bxf6 27. Rh1 Be7 28. Rxh6
gxh6 29. Qg6+ 1-0

[Event "3. Memorial Oliver Gonzalez 2012 - B"]
[Site "Madrid ESP"]
[Date "2012.09.02"]
[Round "2.19"]
[White "Pardo Vaquero, Ignacio"]
[Black "Marcos Herrero, Francisco"]
[Result "0-1"]
[WhiteElo "1756"]
[BlackElo "1937"]
[PlyCount "70"]
[EventDate "2012.09.01"]
[EventType "swiss"]
[EventRounds "9"]
[EventCountry "ESP"]
[Source "lmi"]
[SourceDate "2012.09.01"]

1. d4 Nf6 2. Bf4 c5 3. e3 d5 4. c3 Qb6 5. Qc1 Nc6 6. Nf3 Bf5 7. Nbd2 Nh5 8. Be5
Nxe5 9. Nxe5 Nf6 10. Be2 h6 11. g4 Be6 12. h4 g6 13. Qc2 Bg7 14. Qa4+ Nd7 15.
Nxd7 Bxd7 16. Qb3 c4 17. Qc2 Rc8 18. f4 Qd6 19. Nf1 b5 20. Ng3 O-O 21. h5 g5
22. Nf5 Bxf5 23. gxf5 gxf4 24. e4 dxe4 25. Qxe4 Bf6 26. Kd2 Kh8 27. Raf1 b4 28.
Rh3 Rg8 29. Kc2 bxc3 30. bxc3 Qa3 31. Qxf4 Qxa2+ 32. Kd1 Bg5 33. Rhf3 Bxf4 34.
Rxf4 Rg2 35. Re1 Rb8 0-1

[Event "3. Memorial Oliver Gonzalez 2012 - B"]
[Site "Madrid ESP"]
[Date "2012.09.02"]
[Round "2.20"]
[White "Casado Izquierdo, David"]
[Black "Ruiz Quevedo, Andres"]
[Result "0-1"]
[WhiteElo "1730"]
[BlackElo "1916"]
[PlyCount "98"]
[EventDate "2012.09.01"]
[EventType "swiss"]
[EventRounds "9"]
[EventCountry "ESP"]
[Source "lmi"]
[SourceDate "2012.09.01"]

1. e4 c5 2. Nf3 d6 3. d4 cxd4 4. Nxd4 Nf6 5. Nc3 a6 6. f4 e6 7. Be2 Be7 8. Be3
Qc7 9. Nb3 O-O 10. Bf3 Nc6 11. O-O Rb8 12. g4 b5 13. g5 Nd7 14. Qe2 Nb6 15.
Rad1 b4 16. Nb1 a5 17. c4 a4 18. Nd4 Nxd4 19. Bxd4 Qxc4 20. Qe3 Nd7 21. Rc1 Qb5
22. Rc7 e5 23. Be2 exd4 24. Bxb5 dxe3 25. Bxd7 Bd8 26. Rxc8 Rxc8 27. Bxc8 Bb6
28. Rc1 e2+ 29. Kg2 Be3 30. Re1 Rxc8 31. Kf3 Bxf4 32. Kxf4 Rc2 33. Ke3 Rxb2 34.
a3 bxa3 35. Nd2 a2 36. Kxe2 a3 37. Ra1 Kf8 38. Kd3 Ke7 39. Kc3 Ke6 40. h3 f6
41. h4 fxg5 42. hxg5 Kf7 43. Nc4 Rg2 44. Nxd6+ Ke6 45. Nf5 Ke5 46. Kd3 g6 47.
Nh4 Rg3+ 48. Kc4 Kxe4 49. Rxa2 Rxg5 0-1

[Event "3. Memorial Oliver Gonzalez 2012 - B"]
[Site "Madrid ESP"]
[Date "2012.09.02"]
[Round "2.21"]
[White "Calleja Sanchez, Alfredo J"]
[Black "Anton Prado, Augusto"]
[Result "1-0"]
[WhiteElo "1903"]
[BlackElo "1725"]
[PlyCount "33"]
[EventDate "2012.09.01"]
[EventType "swiss"]
[EventRounds "9"]
[EventCountry "ESP"]
[Source "lmi"]
[SourceDate "2012.09.01"]

1. e4 e5 2. Nf3 Nf6 3. Nc3 Bb4 4. Bc4 d6 5. d3 O-O 6. O-O h6 7. a3 Bxc3 8. bxc3
Nc6 9. Re1 d5 10. exd5 Nxd5 11. Nxe5 Nxe5 12. Rxe5 Nxc3 13. Qe1 Na4 14. Re7 Bd7
15. Qe5 Qxe7 16. Qxe7 Rae8 17. Qb4 1-0

[Event "3. Memorial Oliver Gonzalez 2012 - B"]
[Site "Madrid ESP"]
[Date "2012.09.02"]
[Round "2.23"]
[White "Plazuelo Pascual, Juan"]
[Black "Vargas Huamani, Juan C"]
[Result "1/2-1/2"]
[WhiteElo "1721"]
[BlackElo "1898"]
[PlyCount "61"]
[EventDate "2012.09.01"]
[EventType "swiss"]
[EventRounds "9"]
[EventCountry "ESP"]
[Source "lmi"]
[SourceDate "2012.09.01"]

1. e4 c5 2. Nf3 Nc6 3. d4 cxd4 4. Nxd4 g6 5. c4 Bg7 6. Be3 Nf6 7. Nc3 O-O 8.
Be2 d6 9. O-O Bd7 10. f3 Nxd4 11. Bxd4 Bc6 12. Qd2 Nd7 13. Be3 a5 14. b3 Nc5
15. Rab1 Qc7 16. a3 Rfc8 17. Rfc1 a4 18. Bxc5 dxc5 19. b4 Rd8 20. Qc2 Bxc3 21.
Qxc3 b6 22. Rd1 e5 23. b5 Bb7 24. Rxd8+ Rxd8 25. Rd1 Rd4 26. Qc2 Qd7 27. Qxa4
f5 28. exf5 gxf5 29. Rxd4 cxd4 30. c5 bxc5 31. Qc4+ 1/2-1/2

[Event "3. Memorial Oliver Gonzalez 2012 - B"]
[Site "Madrid ESP"]
[Date "2012.09.02"]
[Round "2.26"]
[White "Cabedo Marquez, Ramon"]
[Black "Julian Serra, Rogelio"]
[Result "0-1"]
[WhiteElo "1751"]
[BlackElo "2042"]
[PlyCount "42"]
[EventDate "2012.09.01"]
[EventType "swiss"]
[EventRounds "9"]
[EventCountry "ESP"]
[Source "lmi"]
[SourceDate "2012.09.01"]

1. e4 d5 2. exd5 Nf6 3. c4 e6 4. dxe6 Bxe6 5. d4 Bb4+ 6. Nc3 Ne4 7. Nge2 Bxc4
8. a3 Bxc3+ 9. bxc3 O-O 10. Be3 Re8 11. g3 Qf6 12. Qc2 Nd7 13. Bg2 Nxf2 14. Rf1
Nd3+ 15. Kd2 Qe7 16. Rf3 Rad8 17. Nf4 N7e5 18. Rff1 Ng4 19. Nd5 Rxd5 20. Rfe1
Nxe3 21. Bxd5 Nf1+ 0-1

[Event "3. Memorial Oliver Gonzalez 2012 - B"]
[Site "Madrid ESP"]
[Date "2012.09.02"]
[Round "2.27"]
[White "Martinez Miura, Enrique"]
[Black "Abul, Qasem"]
[Result "0-1"]
[WhiteElo "1707"]
[BlackElo "2030"]
[PlyCount "88"]
[EventDate "2012.09.01"]
[EventType "swiss"]
[EventRounds "9"]
[EventCountry "ESP"]
[Source "lmi"]
[SourceDate "2012.09.01"]

1. e4 c5 2. c4 g6 3. Nc3 Bg7 4. g3 Nc6 5. Bg2 e6 6. Nge2 Nge7 7. O-O O-O 8. Kh1
d5 9. cxd5 exd5 10. exd5 Nb4 11. d4 cxd4 12. Nxd4 Bxd4 13. Qxd4 Nc2 14. Qd3 Bf5
15. Be4 Nxa1 16. Bh6 Bxe4+ 17. Nxe4 Qxd5 18. Qxd5 Nxd5 19. Bxf8 Kxf8 20. Rxa1
Re8 21. f3 f5 22. Nc5 b6 23. Nb3 Re2 24. Rd1 Ne3 25. Rb1 Nc4 26. Nd4 Rd2 27.
Nb5 a6 28. Nc7 a5 29. f4 Rxb2 30. Rxb2 Nxb2 31. Nb5 Ke7 32. Kg1 Ke6 33. Kf2 Kd5
34. Ke3 Kc5 35. Nd4 Nd1+ 36. Kd3 Nf2+ 37. Kc3 b5 38. Ne6+ Kd5 39. Nf8 Ne4+ 40.
Kd3 Nf6 41. h3 Kd6 42. g4 fxg4 43. hxg4 Ke7 44. g5 Kxf8 0-1

[Event "3. Memorial Oliver Gonzalez 2012 - B"]
[Site "Madrid ESP"]
[Date "2012.09.02"]
[Round "2.28"]
[White "Palenciano Escolar, Adrian"]
[Black "Rojas Pozo, Jose Luis"]
[Result "0-1"]
[WhiteElo "1640"]
[BlackElo "1963"]
[PlyCount "58"]
[EventDate "2012.09.01"]
[EventType "swiss"]
[EventRounds "9"]
[EventCountry "ESP"]
[Source "lmi"]
[SourceDate "2012.09.01"]

1. e4 c6 2. d4 d5 3. Nc3 dxe4 4. Nxe4 Nf6 5. Nxf6+ gxf6 6. Be3 Bf5 7. Ne2 Bg4
8. Qd2 h5 9. O-O-O e6 10. f3 Bf5 11. Ng3 Bg6 12. Bc4 Nd7 13. Rhe1 Nb6 14. Bb3
Nd5 15. f4 h4 16. Ne2 Qc7 17. Bxd5 cxd5 18. Qc3 Qb6 19. Bd2 Bd6 20. Qe3 Rc8 21.
Nc3 Kf8 22. Qh3 Kg7 23. Rf1 Bf5 24. Qe3 Qc6 25. g4 hxg3 26. Qxg3+ Kf8 27. Rg1
b5 28. Qg7+ Ke7 29. a3 a5 0-1

[Event "3. Memorial Oliver Gonzalez 2012 - B"]
[Site "Madrid ESP"]
[Date "2012.09.02"]
[Round "2.29"]
[White "Tirado Parra, Alberto"]
[Black "Lianes Garcia, Marcos"]
[Result "1-0"]
[WhiteElo "1910"]
[BlackElo "1627"]
[PlyCount "65"]
[EventDate "2012.09.01"]
[EventType "swiss"]
[EventRounds "9"]
[EventCountry "ESP"]
[Source "lmi"]
[SourceDate "2012.09.01"]

1. d4 Nf6 2. Bf4 d5 3. Nf3 e6 4. c3 c6 5. e3 Bd6 6. Ne5 Nbd7 7. Nxf7 Kxf7 8.
Bxd6 Nf8 9. Be5 Ng6 10. Bd3 Rf8 11. Nd2 Kg8 12. O-O Qe7 13. Qc2 Qf7 14. Nf3 Kh8
15. Ng5 Qe8 16. f4 Nxe5 17. fxe5 Qh5 18. Nxh7 Nxh7 19. Bxh7 Bd7 20. Bd3 Qg5 21.
Qe2 Kg8 22. Rf3 Rxf3 23. Qxf3 Rf8 24. Bh7+ Kxh7 25. Qxf8 Qxe3+ 26. Kh1 Qe2 27.
Qd8 Qxb2 28. Rg1 Qxc3 29. Qxd7 Qxd4 30. Qxe6 c5 31. Qf5+ Kg8 32. e6 Qf6 33.
Qxd5 1-0

[Event "3. Memorial Oliver Gonzalez 2012 - B"]
[Site "Madrid ESP"]
[Date "2012.09.02"]
[Round "2.30"]
[White "Martinez Pastor, Francisco"]
[Black "Sanchez Lopez, Maria"]
[Result "0-1"]
[WhiteElo "1602"]
[BlackElo "1873"]
[PlyCount "144"]
[EventDate "2012.09.01"]
[EventType "swiss"]
[EventRounds "9"]
[EventCountry "ESP"]
[Source "lmi"]
[SourceDate "2012.09.01"]

1. b4 Nf6 2. Bb2 g6 3. c4 Bg7 4. Nf3 d6 5. d3 O-O 6. g3 e5 7. Nbd2 Nc6 8. b5
Ne7 9. Bg2 c6 10. a4 Bf5 11. O-O Qd7 12. Qb3 e4 13. dxe4 Nxe4 14. Bxg7 Kxg7 15.
Rfd1 Nf6 16. Qb2 Rad8 17. a5 d5 18. cxd5 Qxd5 19. bxc6 bxc6 20. Ng5 Qb5 21.
Qxb5 cxb5 22. e4 Bg4 23. f3 Bc8 24. Rac1 a6 25. Bh3 Rd3 26. Bxc8 Rxc8 27. Rxc8
Nxc8 28. Kf2 h6 29. Nh3 Ra3 30. e5 Ne8 31. Ke1 Ne7 32. f4 Rxa5 33. Ne4 Ra2 34.
Rd2 Rxd2 35. Kxd2 Nc6 36. Nhf2 Kf8 37. Kc2 Ke7 38. Nd3 a5 39. Ndc5 Nc7 40. h4
Nd5 41. Kd3 a4 42. Nd6 Nc7 43. g4 a3 44. h5 gxh5 45. gxh5 a2 46. Nb3 Nb4+ 47.
Kd2 Nbd5 48. f5 Nf4 49. Kc2 Nxh5 50. Kb2 Ng3 51. Nd4 h5 52. Kxa2 h4 53. f6+ Kf8
54. Kb3 h3 55. Nf3 Nf1 56. Kb4 h2 57. Nxh2 Nxh2 58. Nxb5 Nxb5 59. Kxb5 Ng4 60.
Kc5 Nxe5 61. Kd5 Ng4 62. Ke4 Nxf6+ 63. Kf5 Ke7 64. Kf4 Ke6 65. Kf3 Kf5 66. Kg3
Ke4 67. Kg2 Nd5 68. Kf2 f5 69. Kg2 Ke3 70. Kf1 f4 71. Ke1 f3 72. Kf1 f2 0-1

[Event "3. Memorial Oliver Gonzalez 2012 - B"]
[Site "Madrid ESP"]
[Date "2012.09.02"]
[Round "2.32"]
[White "Melcon Mediavilla, Rodrigo"]
[Black "Callejo Hernanz, Jesus Maria"]
[Result "0-1"]
[WhiteElo "1453"]
[BlackElo "1798"]
[PlyCount "72"]
[EventDate "2012.09.01"]
[EventType "swiss"]
[EventRounds "9"]
[EventCountry "ESP"]
[Source "lmi"]
[SourceDate "2012.09.01"]

1. e4 c5 2. Nf3 d6 3. Nc3 Nc6 4. d4 cxd4 5. Nxd4 g6 6. Bc4 Bg7 7. Be3 Nf6 8.
O-O O-O 9. Qd2 Ng4 10. Rad1 Nxe3 11. fxe3 Bg4 12. Nce2 Rc8 13. b3 a6 14. a4 Qb6
15. h3 Bxe2 16. Bxe2 Bh6 17. Bc4 Nxd4 18. Bxf7+ Rxf7 19. Rxf7 Bxe3+ 20. Qxe3
Ne2+ 21. Kf2 Qxe3+ 22. Kxe3 Kxf7 23. Kxe2 Rxc2+ 24. Rd2 Rxd2+ 25. Kxd2 Ke6 26.
Kd3 Ke5 27. g3 h6 28. Ke3 d5 29. exd5 Kxd5 30. h4 Ke5 31. g4 g5 32. hxg5 hxg5
33. a5 Kd5 34. Kd3 e5 35. Ke3 e4 36. b4 Ke5 0-1

[Event "3. Memorial Oliver Gonzalez 2012 - B"]
[Site "Madrid ESP"]
[Date "2012.09.02"]
[Round "2.34"]
[White "Salgado Duarte, Pablo"]
[Black "Vazquez Gonzalez, Francisco"]
[Result "0-1"]
[WhiteElo "1579"]
[BlackElo "2049"]
[PlyCount "52"]
[EventDate "2012.09.01"]
[EventType "swiss"]
[EventRounds "9"]
[EventCountry "ESP"]
[Source "lmi"]
[SourceDate "2012.09.01"]

1. d4 f5 2. Nf3 Nf6 3. c4 g6 4. Nc3 Bg7 5. Bf4 d6 6. h3 c6 7. e3 O-O 8. Bd3 Qe8
9. O-O Nbd7 10. Ng5 e5 11. dxe5 dxe5 12. Re1 h6 13. Nf3 exf4 14. exf4 Qd8 15.
Nd4 Nc5 16. Bc2 Nfe4 17. Nce2 Ne6 18. Nxe6 Bxe6 19. Qc1 Qb6 20. Bxe4 Bxb2 21.
Qc2 Bxa1 22. Rxa1 fxe4 23. Qxe4 Bf5 24. Qf3 Rad8 25. Ng3 Rd3 26. Qe2 Rxg3 0-1

[Event "3. Memorial Oliver Gonzalez 2012 - B"]
[Site "Madrid ESP"]
[Date "2012.09.02"]
[Round "2.35"]
[White "Tolosana Esteban, Enrique"]
[Black "Serrano Leiva, Ana"]
[Result "0-1"]
[WhiteElo "1799"]
[BlackElo "1539"]
[PlyCount "66"]
[EventDate "2012.09.01"]
[EventType "swiss"]
[EventRounds "9"]
[EventCountry "ESP"]
[Source "lmi"]
[SourceDate "2012.09.01"]

1. e4 c5 2. f4 e6 3. Nf3 Nc6 4. a3 a6 5. c3 Nf6 6. e5 Ng4 7. b4 d5 8. bxc5 d4
9. cxd4 Nxd4 10. Qa4+ Nc6 11. h3 Nh6 12. d4 Nf5 13. Bb2 Be7 14. g4 Bh4+ 15. Kd1
Bd7 16. gxf5 Nxe5 17. Qb3 Nxf3 18. Bg2 Nxd4 19. Bxd4 Bc6 20. Bxc6+ bxc6 21. Qa4
Bf6 22. Ke2 Qxd4 23. Qxc6+ Ke7 24. Rd1 Qc4+ 25. Kf3 Qb3+ 26. Nc3 Qxc3+ 27. Ke4
Qc4+ 28. Ke3 Bxa1 29. Rd7+ Kf6 30. Kf3 Rac8 31. Qb7 Qc3+ 32. Kg4 h5+ 33. Kh4
Qe1# 0-1

[Event "3. Memorial Oliver Gonzalez 2012 - B"]
[Site "Madrid ESP"]
[Date "2012.09.02"]
[Round "2.37"]
[White "Rodriguez Bernal, Herman"]
[Black "Mateos Cordero, Francisco"]
[Result "1-0"]
[WhiteElo "1780"]
[BlackElo "1506"]
[PlyCount "51"]
[EventDate "2012.09.01"]
[EventType "swiss"]
[EventRounds "9"]
[EventCountry "ESP"]
[Source "lmi"]
[SourceDate "2012.09.01"]

1. d4 d5 2. c4 c6 3. Nc3 Nf6 4. Bg5 e6 5. e3 Be7 6. Nf3 Nbd7 7. cxd5 cxd5 8.
Bd3 O-O 9. Qc2 a6 10. a4 g6 11. Bh6 Re8 12. h4 Ng4 13. h5 Nxh6 14. hxg6 f5 15.
Rxh6 hxg6 16. Rxg6+ Kf7 17. Bxf5 exf5 18. Qxf5+ Bf6 19. Ng5+ Kf8 20. O-O-O Qb6
21. Nh7+ Kf7 22. Ng5+ Kf8 23. Rh1 Qc6 24. Rh7 Re4 25. Rf7+ Ke8 26. Rg8+ 1-0

[Event "3. Memorial Oliver Gonzalez 2012 - B"]
[Site "Madrid ESP"]
[Date "2012.09.02"]
[Round "2.38"]
[White "Ojosnegros Martin, Angel"]
[Black "Garcia Hernandez, Javier"]
[Result "0-1"]
[WhiteElo "1507"]
[BlackElo "1721"]
[PlyCount "102"]
[EventDate "2012.09.01"]
[EventType "swiss"]
[EventRounds "9"]
[EventCountry "ESP"]
[Source "lmi"]
[SourceDate "2012.09.01"]

1. e4 e6 2. d4 d5 3. exd5 exd5 4. Nf3 Nf6 5. c4 Be7 6. Nc3 O-O 7. Bd3 Bg4 8.
O-O Nc6 9. Be3 Nb4 10. Be2 dxc4 11. Bxc4 Nbd5 12. Bg5 Nxc3 13. bxc3 Ne4 14.
Bxe7 Qxe7 15. Re1 Rfe8 16. Bd5 Bxf3 17. Qxf3 Ng5 18. Qd1 Qxe1+ 19. Qxe1 Rxe1+
20. Rxe1 c6 21. Bb3 Kf8 22. h4 Ne6 23. Bxe6 Re8 24. Kf1 Rxe6 25. Rxe6 fxe6 26.
Ke2 b5 27. Kd3 Ke7 28. a3 Kd6 29. f4 Kd5 30. g4 g6 31. h5 gxh5 32. gxh5 h6 33.
Ke3 a6 34. Kf3 a5 35. Ke3 Kc4 36. Ke4 Kxc3 37. Ke5 b4 38. axb4 axb4 39. Kxe6 b3
40. f5 b2 41. f6 b1=Q 42. f7 Qe4+ 43. Kf6 Qxd4+ 44. Kg6 Qf4 45. Kg7 Qg5+ 46.
Kh7 Qd8 47. Kxh6 Qf8+ 48. Kg6 Kd4 49. h6 c5 50. h7 c4 51. Kf6 c3 0-1

[Event "3. Memorial Oliver Gonzalez 2012 - B"]
[Site "Madrid ESP"]
[Date "2012.09.02"]
[Round "2.39"]
[White "Hernandez Mateo, Borja"]
[Black "Nuñez Barranco, Lucia"]
[Result "1-0"]
[WhiteElo "1719"]
[BlackElo "1472"]
[PlyCount "55"]
[EventDate "2012.09.01"]
[EventType "swiss"]
[EventRounds "9"]
[EventCountry "ESP"]
[Source "lmi"]
[SourceDate "2012.09.01"]

1. e4 e5 2. Nf3 Nc6 3. Bb5 a6 4. Ba4 Nf6 5. O-O Bc5 6. c3 b5 7. Bc2 d5 8. exd5
Qxd5 9. d4 exd4 10. Re1+ Be6 11. Bb3 Qd6 12. Ng5 Nd8 13. Qf3 Rb8 14. Bf4 Qd7
15. Be5 Qe7 16. cxd4 Bd6 17. Bxd6 Qxd6 18. d5 h6 19. Ne4 Qe5 20. Nxf6+ Qxf6 21.
Qxf6 gxf6 22. dxe6 fxe6 23. Bxe6 Ke7 24. Bf5+ Kd6 25. Nc3 Nc6 26. Re6+ Kc5 27.
Ne4+ Kc4 28. Rxc6+ 1-0

[Event "3. Memorial Oliver Gonzalez 2012 - B"]
[Site "Madrid ESP"]
[Date "2012.09.02"]
[Round "2.40"]
[White "Zhynguel Ramirez De Verger, Al"]
[Black "Barria Arbunic, Manuel"]
[Result "1/2-1/2"]
[WhiteElo "1704"]
[BlackElo "1470"]
[PlyCount "89"]
[EventDate "2012.09.01"]
[EventType "swiss"]
[EventRounds "9"]
[EventCountry "ESP"]
[Source "lmi"]
[SourceDate "2012.09.01"]

1. d4 Nf6 2. Bf4 e6 3. e3 c5 4. c3 cxd4 5. exd4 d6 6. Nd2 a6 7. Ngf3 Be7 8. h3
O-O 9. Qc2 Nbd7 10. Bd3 b5 11. O-O Bb7 12. Rfe1 Rc8 13. Bh2 Re8 14. Re2 Qb6 15.
a3 Bf8 16. Ng5 g6 17. Nge4 Nxe4 18. Nxe4 Bxe4 19. Bxe4 d5 20. Bd3 a5 21. Qb3 b4
22. axb4 axb4 23. Ra6 Qb7 24. Re1 Ra8 25. Rea1 Rxa6 26. Rxa6 Nb8 27. Ra4 Nc6
28. Bg3 Ra8 29. Qa2 Rxa4 30. Qxa4 bxc3 31. bxc3 Ne7 32. Bd6 Qc6 33. Qxc6 Nxc6
34. Bxf8 Kxf8 35. f4 f5 36. g4 h6 37. Kf2 Kf7 38. gxf5 exf5 39. h4 Kf6 40. Be2
Na7 41. c4 dxc4 42. Bxc4 Nc8 43. Ke3 Nd6 44. Bd5 g5 45. fxg5+ 1/2-1/2

[Event "3. Memorial Oliver Gonzalez 2012 - B"]
[Site "Madrid ESP"]
[Date "2012.09.02"]
[Round "2.41"]
[White "Vazquez Cabeza, Isaac"]
[Black "Benitez Cadenas, Luis Miguel"]
[Result "1/2-1/2"]
[WhiteElo "1462"]
[BlackElo "1700"]
[PlyCount "61"]
[EventDate "2012.09.01"]
[EventType "swiss"]
[EventRounds "9"]
[EventCountry "ESP"]
[Source "lmi"]
[SourceDate "2012.09.01"]

1. c4 Nf6 2. Nc3 g6 3. d3 d5 4. cxd5 Nxd5 5. g3 Bg7 6. Bd2 Nf6 7. Bg2 O-O 8.
Nf3 c6 9. O-O Bf5 10. Qc1 Qd7 11. Bh6 Bh3 12. Bxg7 Kxg7 13. Ne5 Qc8 14. Re1
Bxg2 15. Kxg2 Qf5 16. Qf4 Qxf4 17. gxf4 Na6 18. a3 Nc5 19. b4 Ne6 20. e3 c5 21.
bxc5 Nxc5 22. d4 Ncd7 23. Nxd7 Nxd7 24. Nd5 e6 25. Nc7 Rab8 26. Nb5 a6 27. Nd6
b5 28. Ne4 Rfc8 29. Rec1 a5 30. Rab1 Rd8 31. Nd6 1/2-1/2

[Event "3. Memorial Oliver Gonzalez 2012 - B"]
[Site "Madrid ESP"]
[Date "2012.09.02"]
[Round "2.42"]
[White "Titeiu, Melania"]
[Black "Siu Burillo, Joaquin"]
[Result "1/2-1/2"]
[WhiteElo "1695"]
[BlackElo "1368"]
[PlyCount "49"]
[EventDate "2012.09.01"]
[EventType "swiss"]
[EventRounds "9"]
[EventCountry "ESP"]
[Source "lmi"]
[SourceDate "2012.09.01"]

1. c4 Nf6 2. Nc3 e6 3. Nf3 d5 4. e3 Nbd7 5. d4 c6 6. Bd3 dxc4 7. Bxc4 Bd6 8.
O-O O-O 9. Qb3 Qc7 10. h3 e5 11. Qc2 exd4 12. exd4 h6 13. Re1 Nb6 14. Bb3 Bd7
15. Be3 Rfe8 16. Rac1 Be6 17. Bxe6 Rxe6 18. Nb5 Qd7 19. Nxd6 Qxd6 20. Ne5 Nbd5
21. Qb3 Nxe3 22. fxe3 Rb8 23. Rf1 Re7 24. Rc2 Rc8 25. Ng6 1/2-1/2

[Event "3. Memorial Oliver Gonzalez 2012 - B"]
[Site "Madrid ESP"]
[Date "2012.09.02"]
[Round "2.43"]
[White "Martin Rodriguez, Jose L"]
[Black "Lacaci Otero, Ivan"]
[Result "0-1"]
[WhiteElo "1431"]
[BlackElo "1686"]
[PlyCount "66"]
[EventDate "2012.09.01"]
[EventType "swiss"]
[EventRounds "9"]
[EventCountry "ESP"]
[Source "lmi"]
[SourceDate "2012.09.01"]

1. e4 c5 2. Nf3 d6 3. d4 cxd4 4. Nxd4 Nf6 5. Nc3 a6 6. Bg5 e6 7. f4 h6 8. Bh4
Be7 9. Bd3 Nxe4 10. Bxe7 Nxc3 11. Bxd8 Nxd1 12. Rxd1 Kxd8 13. O-O Nc6 14. Nxc6+
bxc6 15. f5 Ke7 16. fxe6 Bxe6 17. Rde1 Rhe8 18. Bf5 Kd7 19. Bxe6+ fxe6 20. Re3
Rab8 21. b3 Rf8 22. Ref3 Rxf3 23. Rxf3 Ke7 24. Rf4 Rb5 25. Kf2 Rf5 26. Kf3 Kf6
27. c4 g5 28. Rxf5+ Kxf5 29. b4 d5 30. c5 e5 31. a4 Ke6 32. b5 cxb5 33. h4 bxa4
0-1

[Event "3. Memorial Oliver Gonzalez 2012 - B"]
[Site "Madrid ESP"]
[Date "2012.09.03"]
[Round "3.1"]
[White "Lara Granero, Bio"]
[Black "Morona Minguez, Irene"]
[Result "1/2-1/2"]
[WhiteElo "2069"]
[BlackElo "1952"]
[PlyCount "70"]
[EventDate "2012.09.01"]
[EventType "swiss"]
[EventRounds "9"]
[EventCountry "ESP"]
[Source "lmi"]
[SourceDate "2012.09.01"]

1. e4 c5 2. f4 Nc6 3. Nf3 g6 4. g3 Bg7 5. Bg2 e6 6. c3 d5 7. d3 Nge7 8. O-O O-O
9. a4 Rb8 10. Na3 a6 11. Be3 d4 12. cxd4 Nxd4 13. Nxd4 Bxd4 14. Qd2 b5 15. axb5
axb5 16. Kh1 Qd7 17. Rac1 Rd8 18. Bxd4 Qxd4 19. Qc2 b4 20. Nb1 Ba6 21. Qxc5
Qxc5 22. Rxc5 Bxd3 23. Rfc1 Bxb1 24. Rxb1 Rd2 25. b3 Rbd8 26. Rcc1 R8d3 27. Bf1
Rc3 28. Bc4 Nc6 29. Rd1 Rcc2 30. Rxd2 Rxd2 31. Rf1 Nd4 32. Kg1 Rb2 33. Rf2 Rb1+
34. Rf1 Rb2 35. Rf2 Rb1+ 1/2-1/2

[Event "3. Memorial Oliver Gonzalez 2012 - B"]
[Site "Madrid ESP"]
[Date "2012.09.03"]
[Round "3.3"]
[White "Mañas Molina, Angel"]
[Black "Lopez De Turiso, Jose Angel"]
[Result "0-1"]
[WhiteElo "1939"]
[BlackElo "2046"]
[PlyCount "128"]
[EventDate "2012.09.01"]
[EventType "swiss"]
[EventRounds "9"]
[EventCountry "ESP"]
[Source "lmi"]
[SourceDate "2012.09.01"]

1. e4 c6 2. d4 d5 3. e5 c5 4. c3 Nc6 5. Nf3 Bg4 6. Be2 Bxf3 7. Bxf3 e6 8. Be3
Qb6 9. Qd2 cxd4 10. cxd4 Bb4 11. Nc3 Nge7 12. a3 Bxc3 13. bxc3 Na5 14. Bd1 Nb3
15. Bxb3 Qxb3 16. O-O b6 17. Rfc1 Rc8 18. Qa2 Qxa2 19. Rxa2 Kd7 20. Kf1 Rc4 21.
Ke2 Rhc8 22. Bd2 Nc6 23. Raa1 Na5 24. Rcb1 Ra4 25. Rb4 Rc4 26. Rxc4 Nxc4 27.
Bc1 b5 28. Kd3 Kc6 29. f4 a5 30. Kc2 Nb6 31. Kb3 Rc4 32. g4 g6 33. Bd2 Kb7 34.
Rf1 b4 35. f5 a4+ 36. Kb2 b3 37. fxg6 fxg6 38. Rf7+ Rc7 39. Rf6 Nc4+ 40. Kc1
b2+ 41. Kc2 Nxd2 42. Kxb2 Re7 43. h4 Kc6 44. h5 gxh5 45. gxh5 Kd7 46. h6 Ke8
47. Rf4 Rf7 48. Rg4 Kf8 49. Ka2 Ne4 50. c4 Rf2+ 51. Kb1 Nd2+ 52. Kc1 Nxc4 53.
Rg7 Rf7 54. Rg3 Rf1+ 55. Kc2 Rh1 56. Rf3+ Ke7 57. Rg3 Rxh6 58. Rg7+ Kf8 59. Ra7
Rh2+ 60. Kc3 Nxa3 61. Rxa4 Nb5+ 62. Kd3 Rh3+ 63. Kd2 Rh4 64. Ke3 Rxd4 0-1

[Event "3. Memorial Oliver Gonzalez 2012 - B"]
[Site "Madrid ESP"]
[Date "2012.09.03"]
[Round "3.4"]
[White "Sacristan Latorre, Alberto"]
[Black "Calleja Sanchez, Alfredo J"]
[Result "1-0"]
[WhiteElo "2041"]
[BlackElo "1903"]
[PlyCount "67"]
[EventDate "2012.09.01"]
[EventType "swiss"]
[EventRounds "9"]
[EventCountry "ESP"]
[Source "lmi"]
[SourceDate "2012.09.01"]

1. e4 c5 2. Nf3 Nc6 3. d4 cxd4 4. Nxd4 g6 5. Nc3 Bg7 6. Be3 Nf6 7. Bc4 Qa5 8.
O-O O-O 9. Bb3 d6 10. h3 Bd7 11. Re1 Nxd4 12. Bxd4 Bc6 13. Nd5 Bxd5 14. exd5
Rfe8 15. f4 Nd7 16. Bxg7 Kxg7 17. Qf3 Nc5 18. Kh1 Rac8 19. Bc4 Na4 20. Qb3 a6
21. Be2 b5 22. c3 Qb6 23. c4 Nc5 24. Qb4 Ne4 25. cxb5 Ng3+ 26. Kh2 Nxe2 27.
Rxe2 Qxb5 28. Qd4+ Kg8 29. Rae1 Qb7 30. b4 Rc7 31. f5 Qc8 32. f6 Qd8 33. Qh4
Rc8 34. Qh6 1-0